| 000 | 00665nam a22001697a 4500 | ||
|---|---|---|---|
| 999 |
_c114324 _d114324 |
||
| 005 | 20191113094621.0 | ||
| 008 | 191022b ||||| |||| 00| 0 eng d | ||
| 020 | _a9789696520597 | ||
| 040 | _cPK-LaUMT | ||
| 082 |
_aMSC 923.1 _bBAH-B |
||
| 100 | _aBahadur Shah Zafar = بہادر شاہ ظفر | ||
| 245 |
_aBadshahi se jilawatni s-Bahadur Shah Zafar = بادشاہی سے جلا وطنی ۔ بہادر شاہ ظفر / _cby Bahadur Shah Zafar; compiled by Farrukh Sohail Goindi = از بہادر شاہ ظفر؛ مرتب فرخ سہیل گوئندی |
||
| 260 |
_aLahore : _bJumhoori Publications, _c2016 |
||
| 300 | _a160 p. | ||
| 546 | _aUrdu | ||
| 942 | _cBK | ||